|
|
|
|
| LEADER |
01162nam a2200277 4500 |
| 001 |
00023382 |
| 008 |
111120s1996 bg w 000 0 mul d |
| 040 |
|
|
|a BD-DhAAL
|c BD-DhAAL
|
| 082 |
0 |
0 |
|a 348.5492/046
|2 22
|
| 130 |
0 |
|
|a BLD
|
| 245 |
0 |
0 |
|a Bangladesh Legal Decisions,
|n volume no.16 /
|c editor Gour Gopal Saha.
|
| 246 |
1 |
7 |
|a B.L.D.
|
| 260 |
|
|
|a Dhaka :
|b Bangladesh Bar Council,
|c 1996
|
| 300 |
|
|
|a Various pagings ;
|c 24 cm.
|
| 362 |
0 |
|
|a Vol.XVI,1996
|
| 500 |
|
|
|a REGN. NO. DA513, Volume XVI
|
| 500 |
|
|
|a Appellate Div.High Court Div.
|
| 590 |
|
|
|a Published yearly.
|
| 541 |
|
|
|e 00023382
|
| 650 |
|
0 |
|a Law reports, digests, etc.
|z Bangladesh.
|
| 700 |
1 |
|
|a Saha,Gour Gopal
|
| 710 |
1 |
|
|a Bangladesh Bar Council.
|
| 852 |
1 |
|
|a Ayesha Abed Library
|j General shelf
|
| 999 |
|
|
|c 11458
|d 11458
|
| 952 |
|
|
|0 0
|1 0
|2 ddc
|4 0
|6 348_549200000000000_046_BAN
|7 0
|8 REF
|9 18620
|a BRACUL
|b BRACUL
|c CIR
|d 2011-11-21
|l 2
|o 348.5492046 BAN
|p 3010023382
|r 2015-11-30
|s 2015-11-29
|t 1
|w 2011-11-21
|y 1HOUR
|x Available
|
| 952 |
|
|
|0 0
|1 0
|2 ddc
|4 0
|6 348_549200000000000_046_BAN
|7 0
|8 REF
|9 19976
|a BRACUL
|b BRACUL
|c CIR
|d 2012-04-10
|l 1
|o 348.5492046 BAN
|p 3010024538
|r 2013-09-01
|s 2013-09-01
|t 2
|w 2012-04-10
|y 1HOUR
|